Los 6 pasos del planeamiento estratégico (Registro nro. 2454)

Detalles MARC
000 -LEADER
fixed length control field 01025 a2200217 4500
001 - CONTROL NUMBER
control field 34497
005 - DATE AND TIME OF LATEST TRANSACTION
control field 20260407155631.0
008 - FIXED-LENGTH DATA ELEMENTS--GENERAL INFORMATION
fixed length control field 260407a2005 arg spa d
003 - CONTROL NUMBER IDENTIFIER
control field AR-UNSa-BCEJYS
040 ## - CATALOGING SOURCE
Original cataloging agency AR-UNSa-BCEJYS
Language of cataloging spa
Transcribing agency AR-UNSa-BCEJYS
080 ## - UNIVERSAL DECIMAL CLASSIFICATION NUMBER
Universal Decimal Classification number 658.5
Common auxiliary subdivision Planificación y control de la producción<br/>
020 ## - INTERNATIONAL STANDARD BOOK NUMBER
International Standard Book Number 987-04-0086-8
100 1# - MAIN ENTRY--PERSONAL NAME
Personal name Gandolfo Gahan, Juan
245 10 - TITLE STATEMENT
Title Los 6 pasos del planeamiento estratégico
264 #1 - PRODUCTION, PUBLICATION, DISTRIBUTION, MANUFACTURE, AND COPYRIGHT NOTICE
Place of production, publication, distribution, manufacture Buenos Aires :
Name of producer, publisher, distributor, manufacturer Aguilar
Date of production, publication, distribution, manufacture, or copyright notice 2005
300 ## - PHYSICAL DESCRIPTION
Extent 196 p.
Dimensions 22 cm.
505 ## - FORMATTED CONTENTS NOTE
Formatted contents note 1.¿ Qué es el planemiento estratégico ? - 2. Síntesis de un modelo estratégico - 3. El análisis de los escenarios - 4. Definir la visión de futuro - 5. Seleccionar las estrategias - 6. Asignar una misión - 7. Diseñar la estructura - 8. El plan de acción - 9. La cultura estratégica - 10. Nuevas estrategias en el mundo.
590 ## - LOCAL NOTE (RLIN)
Local note niveau_biblio:m niveau_hierar:0
856 41 - ELECTRONIC LOCATION AND ACCESS
Uniform Resource Identifier <a href="https://biblioeco.unsa.edu.ar/pmb/images/libros/seisPasos.jpg">https://biblioeco.unsa.edu.ar/pmb/images/libros/seisPasos.jpg</a>
Link text Imagen de portada
Electronic format type image/jpeg
942 ## - ADDED ENTRY ELEMENTS (KOHA)
Koha item type
Existencias
Withdrawn status Lost status Damaged status Not for loan Home library Current library Shelving location Date acquired Total checkouts Full call number Barcode Date last seen Price effective from Koha item type
        Biblioteca Prof. Eusebio Cleto del Rey Biblioteca Prof. Eusebio Cleto del Rey   07/04/2026   658.5 G196 L87297 07/04/2026 07/04/2026 Libro